Ekonomické aspekty využitia obnoviteľných zdrojov energie diplomová práca

Na minha lista:
Detalhes bibliográficos
Autor principal: Demčák, Peter
Autor Corporativo: Podnikovohospodárska fakulta EU so sídlom v Košiciach. Katedra ekonómie
Outros Autores: Stričík, Michal, 1969-
Formato: Livro
Idioma:eslovaco
Publicado em: Košice 2013
Tags: Adicionar Tag
Sem tags, seja o primeiro a adicionar uma tag!

MARC

LEADER 00000nbm a2200000 4500
001 0170222
005 20240827092149.2
041 0 |a slo 
044 |a SK 
245 1 0 |a Ekonomické aspekty využitia obnoviteľných zdrojov energie  |b diplomová práca  |c Peter Demčák ; školiteľ: Michal Stričík 
264 1 |a Košice  |c 2013 
300 |a 83 s. 
100 1 |a Demčák, Peter 
700 1 |a Stričík, Michal, 1969- 
710 2 |a Podnikovohospodárska fakulta EU so sídlom v Košiciach. Katedra ekonómie